logo

Bir Sreshtho Munshi Abdur Rouf Library
Jhenaidah Cadet College

Bismarck and the German Empire / (Record no. 8811)

MARC details
000 -LEADER
fixed length control field 00870cam a22002892a 4500
001 - CONTROL NUMBER
JCCL Control Number 8811
003 - CONTROL NUMBER IDENTIFIER
JCCL marc code BD - JhCC
005 - DATE AND TIME OF LATEST TRANSACTION
control field 20180718200529.0
008 - FIXED-LENGTH DATA ELEMENTS--GENERAL INFORMATION
fixed length control field 500101s1968 enkc 000 0beng d
035 ## - SYSTEM CONTROL NUMBER
system control number (BD - JhCC)8811
040 ## - CATALOGING SOURCE
Original cataloging agency DLC
Transcribing agency DLC
Modifying agency OCL
-- UKM
-- EQO
-- BD - JhCC
041 ## - LANGUAGE CODE
Language code of Book eng
050 #0 - LIBRARY OF CONGRESS CALL NUMBER
Classification number DD218
Item number .E92 1968
082 ## - DEWEY DECIMAL CLASSIFICATION NUMBER
Classification number 943.08/0924
082 ## - DEWEY DECIMAL CLASSIFICATION NUMBER
Classification number B
Author mark and Year EYC 1968
100 1# - MAIN ENTRY--PERSONAL NAME
Personal name Eyck, Erich,
Dates associated with a name 1878-1964.
245 10 - TITLE STATEMENT
Title Bismarck and the German Empire /
Statement of responsibility, etc by Erich Eyck.
250 ## - EDITION STATEMENT
Edition statement 3rd ed
260 ## - PUBLICATION, DISTRIBUTION, ETC. (IMPRINT)
Place of publication, distribution, etc London :
Name of publisher, distributor, etc Allen & Unwin,
Date of publication, distribution, etc 1968
300 ## - PHYSICAL DESCRIPTION
Pagination [4], 327 p. :
Other physical details port.;
Dimensions 22 cm
490 1# - SERIES STATEMENT
Series statement Unwin university books ;
Volume number/sequential designation 63
500 ## - GENERAL NOTE
General note "A summary of [the author's] three-volume Bismarck, published in German."
600 10 - SUBJECT ADDED ENTRY--PERSONAL NAME
Personal name Bismarck, Otto,
Titles and other words associated with a name Fürst von,
Dates associated with a name 1815-1898.
830 #0 - SERIES ADDED ENTRY--UNIFORM TITLE
Uniform title Unwin university books ;
Volume number/sequential designation 63
942 ## - ADDED ENTRY ELEMENTS (KOHA)
Source of classification or shelving scheme Dewey Decimal Classification
Koha item type Books
Holdings
Source of classification or shelving scheme Damaged status Not for loan Home library Current library Shelving location Total Checkouts Full call number Barcode Date last seen Copy number Koha item type
Dewey Decimal Classification     JCC Rouf Library JCC Rouf Library General Stacks   943.08/0924 EYC 1968 11774 03/04/2018 C - 1 Books

JCC Library | Contacts | JCC Home

Last Update on 23 September 2017
Copyright @ 2017-2020 JCC Rouf Library
Rouf Library, Jhenidah Cadet College (JCC), Bangladesh